[Event "Mumbai Aurionpro GM op"]
[Site "Mumbai"]
[Date "2025.06.24"]
[Round "9"]
[White "Nguyen, Duc Hoa"]
[Black "Gochelashvili, David"]
[Result "1-0"]
[WhiteElo "2378"]
[BlackElo "2303"]
[PlyCount "95"]
[EventDate "2025.06.16"]
[EventType "swiss"]
[EventRounds "9"]
[EventCountry "IND"]
[SourceTitle "CB26_2025"]
[SourceDate "2025.06.25"]
[SourceVersion "1"]
[SourceVersionDate "2025.06.25"]
[SourceQuality "1"]

1. d4 f5 2. Nc3 Nf6 3. Bg5 e6 4. e4 fxe4 5. Bxf6 Qxf6 6. Nxe4 Qe7 7. Qh5+ Qf7 8. Qh3 Nc6 9. Nf3 Be7 10. Qg3 d6 11. c3 Bd7 12. Bd3 0-0-0 13. 0-0-0 Rdf8 14. Kb1 h6 15. h4 g6 16. Rde1 Rhg8 17. Re2 Bd8 18. Qh2 g5 19. h5 g4 20. Nfd2 e5 21. d5 Qxd5 22. Bc4 Qa5 23. Nb3 Qb6 24. Bxg8 Rxg8 25. Qg3 Bf5 26. Ka1 a5 27. Qd3 Be6 28. Ned2 a4 29. Nd4 exd4 30. Rxe6 dxc3 31. Qxc3 Qxf2 32. g3 Rg5 33. Ne4 Qg2 34. Rc1 Rxh5 35. a3 Rb5 36. Re8 Qf3 37. Qh8 Rd5 38. Qxh6 Rd3 39. Qe6+ Kb8 40. Ka2 d5 41. Nc5 Rd2 42. Nxa4 Ka7 43. Rxc6 bxc6 44. Rxd8 d4 45. Ra8+ Kxa8 46. Qc8+ Ka7 47. Qxc7+ Ka6 48. Qb6# 1-0

[Event "New Delhi op 21st"]
[Site "New Delhi"]
[Date "2025.06.10"]
[Round "6"]
[White "Pantsulaia, Levan"]
[Black "Gochelashvili, David"]
[Result "1/2-1/2"]
[WhiteElo "2551"]
[BlackElo "2303"]
[PlyCount "117"]
[EventDate "2025.06.07"]
[EventType "swiss"]
[EventRounds "10"]
[EventCountry "IND"]
[SourceTitle "CB26_2025"]
[SourceDate "2025.06.25"]
[SourceVersion "1"]
[SourceVersionDate "2025.06.25"]
[SourceQuality "1"]

1. c4 c5 2. Nf3 Nc6 3. Nc3 g6 4. e3 Nf6 5. d4 cxd4 6. exd4 d5 7. cxd5 Nxd5 8. Qb3 Nxc3 9. Bc4 e6 10. bxc3 Bg7 11. Ba3 Bf8 12. Bxf8 Kxf8 13. 0-0 Kg7 14. Be2 b6 15. Rfd1 Qf6 16. c4 Rd8 17. Qe3 Bb7 18. Rac1 Rac8 19. Qa3 Rd7 20. c5 Rcd8 21. h3 Na5 22. cxb6 axb6 23. Qb2 Bxf3 24. Bxf3 Rxd4 25. Qxb6 Nc4 26. Qc5 Nd2 27. Bc6 Ne4 28. Qc2 Rxd1+ 29. Rxd1 Rxd1+ 30. Qxd1 Qxf2+ 31. Kh1 Ng3+ 32. Kh2 e5 33. Bb5 Nf5 34. a4 Nd4 35. Qd3 f5 36. Qg3 Qxg3+ 37. Kxg3 Kf6 38. Bc4 f4+ 39. Kf2 Ke7 40. a5 e4 41. a6 e3+ 42. Kf1 Nc6 43. g3 g5 44. h4 h6 45. hxg5 hxg5 46. gxf4 gxf4 47. Kg2 Kd6 48. Kf3 Ke5 49. Bd3 Nd4+ 50. Kg4 Nc6 51. Kf3 Kd4 52. Bb5 Na7 53. Bf1 Ke5 54. Bc4 Kf5 55. Bd3+ Kg5 56. Be2 Nc6 57. Ke4 Na7 58. Ke5 Nc8 59. Ke4 1/2-1/2

[Event "Bhubaneswar op 16th"]
[Site "Bhubaneswar"]
[Date "2025.05.11"]
[Round "4"]
[White "Gochelashvili, David"]
[Black "Charan, Sandipagu"]
[Result "1-0"]
[WhiteElo "2275"]
[BlackElo "1964"]
[PlyCount "77"]
[EventDate "2025.05.09"]
[EventType "swiss"]
[EventRounds "10"]
[EventCountry "IND"]
[SourceTitle "CB21_2025"]
[SourceDate "2025.05.21"]
[SourceVersion "1"]
[SourceVersionDate "2025.05.21"]
[SourceQuality "1"]

1. e4 c5 2. Nf3 d6 3. Bb5+ Nd7 4. 0-0 Ngf6 5. Re1 a6 6. Bf1 b5 7. c4 bxc4 8. Bxc4 e6 9. d4 cxd4 10. Nxd4 Bb7 11. Nc3 Qc8 12. Bf1 Be7 13. Nb3 0-0 14. Na5 Qc7 15. Nxb7 Qxb7 16. b3 Nc5 17. Qd4 Rfd8 18. Bb2 a5 19. Rad1 Rac8 20. Rd2 Qb4 21. Qe3 a4 22. Rd4 Qb8 23. Nxa4 Ng4 24. Qg3 Bf6 25. Qxg4 Nxa4 26. e5 Bxe5 27. Rxe5 dxe5 28. Rxa4 Rc2 29. Ba3 Qb6 30. Qg3 Rdc8 31. h4 h6 32. Rg4 g6 33. Bd3 R2c7 34. Qxe5 h5 35. Rf4 Qb8 36. Qf6 e5 37. Bb2 Re8 38. Bc4 Rxc4 39. Qxf7+ 1-0

[Event "Bhubaneswar op 16th"]
[Site "Bhubaneswar"]
[Date "2025.05.10"]
[Round "2"]
[White "Gochelashvili, David"]
[Black "Oishik, Mondal1"]
[Result "1-0"]
[WhiteElo "2275"]
[BlackElo "1815"]
[PlyCount "119"]
[EventDate "2025.05.09"]
[EventType "swiss"]
[EventRounds "10"]
[EventCountry "IND"]
[SourceTitle "CB21_2025"]
[SourceDate "2025.05.21"]
[SourceVersion "1"]
[SourceVersionDate "2025.05.21"]
[SourceQuality "1"]

1. e4 c5 2. c3 Nf6 3. e5 Nd5 4. Nf3 Nc6 5. Bc4 Nb6 6. Bb3 d5 7. exd6 exd6 8. 0-0 Be7 9. d4 c4 10. Bc2 Be6 11. Nbd2 0-0 12. b3 d5 13. Re1 Qd7 14. Nf1 Rae8 15. Ng3 f6 16. Nh4 Bf7 17. Nhf5 Bd6 18. Be3 Ne7 19. Qb1 h5 20. Nxd6 Qxd6 21. h4 Rc8 22. b4 Rfe8 23. a4 Nd7 24. b5 Nf8 25. Qd1 g6 26. Qf3 Kg7 27. Bf4 Qd7 28. Bh6+ Kxh6 29. Qxf6 Ng8 30. Qg5+ Kh7 31. Qxh5+ Kg7 32. Qg5 Nf6 33. Nf5+ Kg8 34. Qxf6 gxf5 35. Qg5+ Kh8 36. Qf6+ Kg8 37. Qg5+ Kh8 38. Bxf5 Rxe1+ 39. Rxe1 Re8 40. Bxd7 Rxe1+ 41. Kh2 Nxd7 42. h5 Re8 43. h6 Rg8 44. Qf5 Be8 45. Qxd5 Rg6 46. Qxb7 Rxh6+ 47. Kg1 Re6 48. Qxa7 Nf6 49. Qc5 Bf7 50. f3 Kg7 51. a5 Nd7 52. Qg5+ Rg6 53. Qe7 Nf8 54. b6 Re6 55. Qg5+ Bg6 56. b7 Nd7 57. Qd5 Re1+ 58. Kf2 Re7 59. Qd6 Rf7 60. a6 1-0

[Event "Kottayam op"]
[Site "Kottayam"]
[Date "2025.05.07"]
[Round "10"]
[White "Gochelashvili, David"]
[Black "Savchenko, Boris"]
[Result "0-1"]
[WhiteElo "2227"]
[BlackElo "2459"]
[PlyCount "84"]
[EventDate "2025.04.30"]
[EventType "swiss"]
[EventRounds "10"]
[EventCountry "IND"]
[SourceTitle "CB19_2025"]
[SourceDate "2025.05.07"]
[SourceVersion "1"]
[SourceVersionDate "2025.05.07"]
[SourceQuality "1"]

1. e4 c5 2. c3 Nf6 3. e5 Nd5 4. d4 cxd4 5. cxd4 d6 6. Bc4 e6 7. Nf3 Be7 8. 0-0 0-0 9. Bxd5 exd5 10. Nc3 Be6 11. Bf4 dxe5 12. Nxe5 Qb6 13. Na4 Qb5 14. Qb3 Qxb3 15. axb3 f6 16. Nd3 Nc6 17. Ndc5 Bc8 18. Rfd1 g5 19. Bc7 b6 20. Nxb6 axb6 21. Rxa8 bxc5 22. dxc5 Be6 23. Ra6 Bg4 24. Re1 Nb4 25. Ra5 Rc8 26. Rxe7 Nc6 27. Re1 Rxc7 28. Ra8+ Kf7 29. b4 Nxb4 30. Ra4 Nc2 31. Rc1 Bf5 32. g4 Bd7 33. Ra5 Nd4 34. Rd1 Ne2+ 35. Kf1 Bxg4 36. Rxd5 Nf4 37. Rd2 Re7 38. Ra1 Be2+ 39. Kg1 Bf3 40. b4 Re4 41. h4 Ne2+ 42. Rxe2 Rxh4 0-1

[Event "Kottayam op"]
[Site "Kottayam"]
[Date "2025.05.05"]
[Round "8"]
[White "Gochelashvili, David"]
[Black "Singgih, Diajeng Theresa"]
[Result "1-0"]
[WhiteElo "2227"]
[BlackElo "1931"]
[PlyCount "65"]
[EventDate "2025.04.30"]
[EventType "swiss"]
[EventRounds "10"]
[EventCountry "IND"]
[SourceTitle "CB19_2025"]
[SourceDate "2025.05.07"]
[SourceVersion "1"]
[SourceVersionDate "2025.05.07"]
[SourceQuality "1"]

1. e4 e5 2. Nf3 Nc6 3. Bc4 Bc5 4. c3 Nf6 5. d3 a6 6. 0-0 Ba7 7. Bg5 d6 8. a4 0-0 9. Nbd2 h6 10. Bh4 g5 11. Bg3 Kh7 12. b4 Be6 13. b5 Bxc4 14. Nxc4 axb5 15. axb5 Ne7 16. Ra4 Nd7 17. Nxg5+ hxg5 18. Qh5+ Kg7 19. Qxg5+ Kh7 20. Qh5+ Kg7 21. Rfa1 Nc8 22. Ne3 Bxe3 23. Rxa8 Bh6 24. Qg4+ Kh8 25. d4 exd4 26. cxd4 Bg7 27. e5 dxe5 28. dxe5 Ndb6 29. R8a3 Ne7 30. Bh4 Qe8 31. Bf6 Ng6 32. Rh3+ Kg8 33. Qh5 1-0

[Event "Bengaluru Namma op 2nd"]
[Site "Bengaluru"]
[Date "2025.04.16"]
[Round "8"]
[White "Gochelashvili, David"]
[Black "Sanikidze, Tornike"]
[Result "1/2-1/2"]
[WhiteElo "2227"]
[BlackElo "2448"]
[PlyCount "62"]
[EventDate "2025.04.10"]
[EventType "swiss"]
[EventRounds "10"]
[EventCountry "IND"]
[SourceTitle "CB18_2025"]
[SourceDate "2025.04.30"]
[SourceVersion "1"]
[SourceVersionDate "2025.04.30"]
[SourceQuality "1"]

1. e4 e5 2. Nf3 Nc6 3. Bc4 Bc5 4. c3 Nf6 5. d4 exd4 6. cxd4 Bb4+ 7. Nbd2 Nxe4 8. d5 Ne7 9. 0-0 Nxd2 10. Nxd2 0-0 11. a3 Ba5 12. b4 Bb6 13. d6 cxd6 14. Ne4 d5 15. Bxd5 Nxd5 16. Qxd5 d6 17. Bg5 Qd7 18. Nxd6 h6 19. Bh4 Bc7 20. Nxc8 Qxc8 21. Rac1 Qb8 22. Bg3 Bxg3 23. fxg3 a6 24. g4 Qa7+ 25. Qc5 Qxc5+ 26. Rxc5 Rac8 27. Rfc1 Rxc5 28. Rxc5 Rd8 29. Rc7 Rd1+ 30. Kf2 Ra1 31. Rxb7 Rxa3 1/2-1/2

[Event "Bengaluru Namma op 2nd"]
[Site "Bengaluru"]
[Date "2025.04.13"]
[Round "6"]
[White "Harsh, Suresh"]
[Black "Gochelashvili, David"]
[Result "1-0"]
[WhiteElo "2389"]
[BlackElo "2227"]
[PlyCount "131"]
[EventDate "2025.04.10"]
[EventType "swiss"]
[EventRounds "10"]
[EventCountry "IND"]
[SourceTitle "CB18_2025"]
[SourceDate "2025.04.30"]
[SourceVersion "1"]
[SourceVersionDate "2025.04.30"]
[SourceQuality "1"]

1. e4 c5 2. Nf3 Nc6 3. d4 cxd4 4. Nxd4 g6 5. c4 Nf6 6. Nc3 d6 7. Be2 Nxd4 8. Qxd4 Bg7 9. Be3 0-0 10. Qd2 a5 11. f3 a4 12. Rc1 Qa5 13. Kf2 Bd7 14. Nd5 Nxd5 15. Qxa5 Rxa5 16. cxd5 e6 17. Rc7 Bc8 18. Rhc1 Ra8 19. b3 axb3 20. axb3 exd5 21. exd5 Bb2 22. R1c2 Bf6 23. g4 Bd8 24. R7c4 Bd7 25. Bf4 b5 26. Rc7 Bxc7 27. Rxc7 Bc8 28. Bxb5 Rb8 29. Bc6 Rxb3 30. Bxd6 Bxg4 31. fxg4 Rfb8 32. Be5 Rd3 33. Re7 Rc8 34. d6 f6 35. Rc7 Rd8 36. Ke2 R3xd6 37. Bxd6 Rxd6 38. Bb5 h5 39. Bc4+ Kh8 40. gxh5 gxh5 41. Rc5 Rd7 42. Kf3 Kg7 43. Rxh5 Rd4 44. Be2 Kg6 45. Rb5 Kh6 46. Kg3 Re4 47. Bf3 Rc4 48. Rd5 Kg6 49. Be2 Rb4 50. Bd3+ Kf7 51. Bf5 Rb7 52. Kg4 Kg7 53. Kh5 Re7 54. Rd3 Rc7 55. h3 Ra7 56. Rg3+ Kh8 57. Kh6 Rg7 58. Rc3 Rg3 59. Rc8+ Rg8 60. Rc6 Rg7 61. Bg6 f5 62. Rc8+ Rg8 63. Rc7 Rf8 64. Rh7+ Kg8 65. Rg7+ Kh8 66. Bf7 1-0

[Event "Titled Tuesday intern op 28th Jan Early"]
[Site "Chess.com INT"]
[Date "2025.01.28"]
[Round "1"]
[White "Gochelashvili, David"]
[Black "Velikanov, Alexander"]
[Result "0-1"]
[WhiteElo "2257"]
[BlackElo "2388"]
[PlyCount "28"]
[EventDate "2025.01.28"]
[EventType "swiss (blitz)"]
[EventRounds "11"]
[EventCountry "USA"]
[SourceTitle "CB06_2025"]
[SourceDate "2025.02.05"]
[SourceVersion "1"]
[SourceVersionDate "2025.02.05"]
[SourceQuality "1"]

1. e4 c5 2. Nf3 a6 3. c3 d5 4. exd5 Nf6 5. d4 cxd4 6. cxd4 Nxd5 7. Nc3 g6 8. Bc4 Nxc3 9. Qb3 e6 10. bxc3 Bg7 11. Qa3 Bf8 12. Qb3 Nc6 13. 0-0 Na5 14. Qa4+ Bd7 0-1

[Event "Goa op"]
[Site "Taleigao"]
[Date "2025.01.13"]
[Round "4"]
[White "Gochelashvili, David"]
[Black "Agibileg, Uurtsaikh"]
[Result "1/2-1/2"]
[WhiteElo "2257"]
[BlackElo "2392"]
[PlyCount "76"]
[EventDate "2025.01.11"]
[EventType "swiss"]
[EventRounds "10"]
[EventCountry "IND"]
[SourceTitle "CB04_2025"]
[SourceDate "2025.01.22"]
[SourceVersion "1"]
[SourceVersionDate "2025.01.22"]
[SourceQuality "1"]

1. e4 c5 2. c3 d5 3. exd5 Qxd5 4. Nf3 e6 5. d4 Nf6 6. Bd3 Be7 7. 0-0 0-0 8. dxc5 Rd8 9. Bc2 Qxc5 10. Qe2 b6 11. Re1 Ba6 12. Qe5 Nbd7 13. Qg3 Nf8 14. Be3 Qb5 15. b3 Ng6 16. c4 Qa5 17. Bd2 Qh5 18. Nc3 Bd6 19. Qg5 Qxg5 20. Bxg5 Bb4 21. Re3 Ng4 22. Bxd8 Nxe3 23. fxe3 Rxd8 24. Nb5 Bxb5 25. cxb5 Bc5 26. Kf2 Nh4 27. b4 Bxb4 28. Rd1 Rxd1 29. Bxd1 Nf5 30. Nd4 Nxd4 31. exd4 Kf8 32. Ke3 Ke7 33. Bf3 Bd6 34. h3 Kf6 35. Be4 Kg5 36. Kf3 h5 37. Bc6 Bh2 38. d5 e5 1/2-1/2

[Event "Bhubaneswar Odisha op"]
[Site "Bhubaneswar"]
[Date "2024.12.20"]
[Round "8"]
[White "Shahil, Dey"]
[Black "Gochelashvili, David"]
[Result "1-0"]
[WhiteElo "2368"]
[BlackElo "2268"]
[PlyCount "77"]
[EventDate "2024.12.15"]
[EventType "swiss"]
[EventRounds "10"]
[EventCountry "IND"]
[SourceTitle "CB52_2024"]
[SourceDate "2024.12.25"]
[SourceVersion "1"]
[SourceVersionDate "2024.12.25"]
[SourceQuality "1"]

1. Nf3 Nf6 2. b3 g6 3. Bb2 Bg7 4. g3 b6 5. Bg2 Bb7 6. 0-0 0-0 7. c4 e6 8. Nc3 Qe7 9. d4 Na6 10. e3 Ne4 11. Qe2 Rfd8 12. Rac1 c5 13. Nb5 d5 14. cxd5 Bxd5 15. Rfd1 Qb7 16. Ne1 cxd4 17. Bxd4 Ng5 18. Bxd5 Rxd5 19. e4 Rxb5 20. Qxb5 Qxe4 21. Qc6 Nb4 22. Qxe4 Nxe4 23. Bxg7 Kxg7 24. Rc4 Nxa2 25. Rxe4 Nc3 26. Red4 Nxd1 27. Rxd1 a5 28. Kf1 Kf6 29. Ke2 h5 30. Rd6 b5 31. Rb6 b4 32. h4 g5 33. hxg5+ Kxg5 34. Rb5+ Kg4 35. Ng2 f5 36. Rb6 e5 37. Rg6+ Kh3 38. Ne3 a4 39. Rh6 1-0

[Event "Tamil Nadu IM 29th"]
[Site "Coimbatore"]
[Date "2024.09.28"]
[Round "8"]
[White "Gochelashvili, David"]
[Black "Nandish, VS."]
[Result "1-0"]
[WhiteElo "2280"]
[BlackElo "2212"]
[PlyCount "49"]
[EventDate "2024.09.23"]
[EventType "tourn"]
[EventRounds "9"]
[EventCountry "IND"]
[EventCategory "1"]
[SourceTitle "EXT 2025"]
[Source "ChessBase"]
[SourceDate "2024.10.14"]
[SourceVersion "1"]
[SourceVersionDate "2024.10.14"]
[SourceQuality "1"]

1. e4 e5 2. Nf3 Nc6 3. Bb5 a6 4. Ba4 Bc5 5. c3 Nge7 6. Nxe5 Nxe5 7. d4 Ba7 8. dxe5 Ng6 9. f4 Qh4+ 10. g3 Qh3 11. Qe2 0-0 12. Nd2 d6 13. Nf3 Bg4 14. Rf1 dxe5 15. f5 Ne7 16. Bd2 b5 17. Bb3 Nxf5 18. exf5 e4 19. Ng5 Qh5 20. Qxg4 Qxg4 21. Bd1 Qxd1+ 22. Rxd1 h6 23. Nh3 e3 24. Bc1 Rfe8 25. Ke2 1-0

[Event "Tamil Nadu IM 29th"]
[Site "Coimbatore"]
[Date "2024.09.27"]
[Round "7"]
[White "Reyan, Md"]
[Black "Gochelashvili, David"]
[Result "1/2-1/2"]
[WhiteElo "2291"]
[BlackElo "2280"]
[PlyCount "136"]
[EventDate "2024.09.23"]
[EventType "tourn"]
[EventRounds "9"]
[EventCountry "IND"]
[EventCategory "1"]
[SourceTitle "EXT 2025"]
[Source "ChessBase"]
[SourceDate "2024.10.14"]
[SourceVersion "1"]
[SourceVersionDate "2024.10.14"]
[SourceQuality "1"]

1. e4 c5 2. Nf3 Nc6 3. d4 cxd4 4. Nxd4 g6 5. c4 Bg7 6. Be3 d6 7. Nc3 Nf6 8. Be2 0-0 9. 0-0 Bd7 10. Re1 Re8 11. h3 Nxd4 12. Bxd4 Bc6 13. Qc2 a5 14. b3 Nd7 15. Bxg7 Kxg7 16. Rad1 Nc5 17. e5 Qc7 18. exd6 exd6 19. Qd2 Rad8 20. Bf3 Re7 21. Bd5 Rxe1+ 22. Rxe1 Re8 23. Rd1 Rd8 24. a3 Qe7 25. b4 axb4 26. axb4 Ne6 27. Re1 Rc8 28. b5 Bxd5 29. Nxd5 Qh4 30. Qc3+ Qd4 31. Qxd4+ Nxd4 32. Nb6 Rc7 33. Rd1 Nf5 34. g4 Nh4 35. f4 Re7 36. Rxd6 Re2 37. Rd3 Rc2 38. Rg3 f5 39. Kf1 Kf7 40. Ke1 h5 41. gxh5 gxh5 42. Kd1 Rf2 43. c5 Rb2 44. Nc4 Rb4 45. Rc3 Ke6 46. Na3 Kd7 47. c6+ Kc7 48. Rc5 Ng2 49. Nc2 Rb1+ 50. Kd2 bxc6 51. bxc6 Nxf4 52. Rxf5 Ne6 53. Rf6 Nd8 54. Nd4 Rb6 55. Rh6 Nxc6 56. Ne6+ Kc8 57. Rxh5 Nd8 58. Nf4 Nf7 59. Ke3 Rh6 60. Ra5 Kd7 61. Kf3 Rc6 62. h4 Ke7 63. Kg4 Kf8 64. Ra7 Kg8 65. Ra5 Kg7 66. Ra7 Kg8 67. Kh5 Rh6+ 68. Kg4 Rc6 1/2-1/2

[Event "Tamil Nadu IM 29th"]
[Site "Coimbatore"]
[Date "2024.09.24"]
[Round "3"]
[White "Aakash, G2."]
[Black "Gochelashvili, David"]
[Result "1/2-1/2"]
[WhiteElo "2279"]
[BlackElo "2280"]
[PlyCount "64"]
[EventDate "2024.09.23"]
[EventType "tourn"]
[EventRounds "9"]
[EventCountry "IND"]
[EventCategory "1"]
[SourceTitle "EXT 2025"]
[Source "ChessBase"]
[SourceDate "2024.10.14"]
[SourceVersion "1"]
[SourceVersionDate "2024.10.14"]
[SourceQuality "1"]

1. d4 Nf6 2. c4 g6 3. Nc3 Bg7 4. Nf3 d6 5. Bg5 h6 6. Bh4 g5 7. Bg3 Nh5 8. e3 c5 9. dxc5 Nxg3 10. hxg3 dxc5 11. Qc2 Nc6 12. a3 Qa5 13. Rc1 Bd7 14. Nd2 0-0-0 15. Bd3 Kb8 16. Rb1 Ne5 17. Be2 h5 18. Nd5 e6 19. Nc3 Bc6 20. Nf3 h4 21. gxh4 gxh4 22. Rh3 f5 23. Kf1 Nxf3 24. Bxf3 Bxf3 25. Rxf3 Rhg8 26. e4 Bxc3 27. bxc3 Qa6 28. Qe2 Qd6 29. exf5 exf5 30. Rxf5 Qc6 31. Qf3 Qxf3 32. Rxf3 Rg4 1/2-1/2

[Event "Tamil Nadu IM 28th"]
[Site "Coimbatore"]
[Date "2024.09.16"]
[Round "3"]
[White "Dinesh, Rajan M"]
[Black "Gochelashvili, David"]
[Result "1-0"]
[WhiteElo "2258"]
[BlackElo "2280"]
[PlyCount "169"]
[EventDate "2024.09.15"]
[EventType "tourn"]
[EventRounds "9"]
[EventCountry "IND"]
[EventCategory "1"]
[SourceTitle "EXT 2025"]
[Source "ChessBase"]
[SourceDate "2024.10.14"]
[SourceVersion "1"]
[SourceVersionDate "2024.10.14"]
[SourceQuality "1"]

1. e4 e5 2. Nf3 Nc6 3. Bc4 Bc5 4. c3 Nf6 5. d4 exd4 6. b4 Bb6 7. e5 d5 8. exf6 dxc4 9. Qe2+ Be6 10. b5 Na5 11. fxg7 Rg8 12. cxd4 Qf6 13. Bb2 Qxg7 14. g3 c3 15. Bxc3 Qh6 16. Nbd2 0-0-0 17. 0-0 Rd5 18. Bxa5 Bxa5 19. Nc4 Qh5 20. Ne3 Rxb5 21. Rac1 Re8 22. a4 Rg5 23. Qd1 Bb3 24. Qxb3 Qxf3 25. Qc2 Rg6 26. Nc4 Qd5 27. Qb3 Rd8 28. Nxa5 Qxa5 29. Rc5 Qb6 30. Qxf7 Rxd4 31. Rfc1 c6 32. Qxh7 Rf6 33. a5 Qc7 34. Qh8+ Qd8 35. Qh5 Rd2 36. Rf5 a6 37. Re1 Rxf5 38. Qxf5+ Kb8 39. Qe5+ Ka7 40. Qc5+ Ka8 41. h4 Rd5 42. Qb6 Qd7 43. Qe3 Qf5 44. Qb6 Qd7 45. Kh2 c5 46. Qg6 Ka7 47. h5 Rd6 48. Qg5 Qc6 49. Kh3 Rd5 50. Qg6 Rd6 51. Qe4 Rd5 52. g4 c4 53. Qe3+ Rc5 54. h6 Qc7 55. Qe7 Qc6 56. Qf8 Rd5 57. Re8 Rxa5 58. Ra8+ Kb6 59. Qd8+ Kb5 60. Qf8 Ra1 61. Kh4 Rh1+ 62. Kg5 c3 63. Rc8 Rxh6 64. Qf5+ Ka4 65. Qc2+ Kb4 66. Rxc6 Rxc6 67. f4 b5 68. f5 Ka3 69. Qc1+ Ka2 70. Qc2+ Ka3 71. f6 b4 72. f7 Rc5+ 73. Kf6 Rc8 74. Qf5 Rc6+ 75. Ke7 c2 76. Qa5+ Kb3 77. f8Q c1Q 78. Qf3+ Rc3 79. Qfd5+ Rc4 80. Qxa6 Qe3+ 81. Kd7 Qd4 82. Qxd4 Rxd4+ 83. Kc6 Kb2 84. Kc5 Re4 85. Qd3 1-0